| 000 | 00453cam a22001337a 4500 | ||
|---|---|---|---|
| 008 | 180718b1974 xxu||||| |||| 00| 0 eng d | ||
| 082 | _aA99 M45 C393 | ||
| 100 | _aChaudhuri, Nirad C. | ||
| 245 |
_aScholar Extraordinary: the life of Professor the Rt. Hon. Friedrich Maxmuller _cby Nirad C. Chaudhuri |
||
| 260 |
_aDelhi _bOxford _c1974 |
||
| 300 | _a393p | ||
| 650 | _aAsianists -Germany -Biography. | ||
| 650 | _aMuller, F. Max (Friedrich Max), 1823-1900 | ||
| 999 |
_c416616 _d416616 |
||